Province of Barcelona travel notebook : 10 unique proposals : 1000 unforgettable experiences 10 unique proposals :
Descripción Física:
27 p. : il. col, fot. ; 24 x 17 cm
MARC
| LEADER | 00000nam a2200000Ia 4500 | ||
|---|---|---|---|
| 001 | 23681 | ||
| 008 | 160829s2012 xx 000 0 cat d | ||
| 080 | |a FU-61-103 | ||
| 245 | |a Province of Barcelona travel notebook : |b 10 unique proposals : |b 1000 unforgettable experiences | ||
| 260 | |a Barcelona : |b Diputació de Barcelona, |c 2012 | ||
| 300 | |a 27 p. : |b il. col, fot. ; |c 24 x 17 cm | ||
| 500 | |a A la portada: Barcelona is much more | ||
| 590 | |a Text en anglès. Hi ha un altre exemplar en francès amb R. 23682, en català amb R. 23457 i en castellà amb R. 23458 | ||
| 650 | 0 | |a Turisme |z Barcelona (Catalunya) |9 48868 | |
| 650 | |a Turisme cultural |x Barcelona |9 49486 | ||
| 710 | 1 | |a Barcelona (Catalunya : Província). |b Diputació |9 52408 | |
| 710 | 2 | |a Barcelona is Much more |9 51685 |e Marca turística | |
| 901 | |a Arxiu | ||
| 942 | |n 1 |2 udc | ||
| 952 | |0 0 |1 0 |4 0 |6 FU61103 |7 1 |9 55973 |a Arxiu |b Arxiu |d 2016-12-01 |l 0 |o FU-61-103 |p 23681 |r 2016-12-01 00:00:00 |w 2016-12-01 |y ARXIU | ||
| 999 | |c 59846 |d 59846 | ||